000 00523nam a2200157 a 4500
008 120416s1974 xx |||||||||||||| || u
050 _aHD 31 Kas
100 _aKast, Fremont E
245 1 0 _aOrganization and management: a systems approach. (2nd ed.)
250 _a2nd ed.
260 _c1974
350 _a0.00
650 0 _aMANAGEMENT
650 _aORGANIZATION
995 _D0.00
_FCBU-MAIN LIBRARY (Kitwe)
_H1
_I0.00
_M1
_UAVAILABLE
_ZMain Library Open Access Collection
999 _c52826
_d52826